000 00561nam a2200205Ia 4500
005 20250923144821.0
008 008 250917s9999 xx 000 0 eng d
037 _aTextual
040 _aDSWL
_beng
_cDSWL
041 _aeng
_2eng
084 _aY111z7, K0
_qDSWL
100 _aBhojraj, Shewak
_9828728
245 0 _aHappy growth of the child
_cby Shewak Bhojraj
260 _aAllahabad
_bKitabMahal
_c1960
300 _axv,240p.
365 _aINR
_b5
925 _g5
942 _cTEXL
_hY111z7, K0
999 _c1443730
_d1443730